Bon, buddhism in the Tamang: (Record no. 1435328)

MARC details
000 -LEADER
fixed length control field 00749 a2200229 4500
005 - DATE AND TIME OF LATEST TRANSACTION
control field 20251120114450.0
008 - FIXED-LENGTH DATA ELEMENTS--GENERAL INFORMATION
fixed length control field 251120b |||||||| |||| 00| 0 eng d
020 ## - INTERNATIONAL STANDARD BOOK NUMBER
International Standard Book Number 9788119953943 (hbk)
037 ## - SOURCE OF ACQUISITION
Terms of availability TB
040 ## - CATALOGING SOURCE
Original cataloging agency CRL
Transcribing agency CRL
041 ## - LANGUAGE CODE
Source of code eng
Language code of text/sound track or separate title eng
084 ## - COLON CLASSIFICATION NUMBER
Classification number Q4.44974 R5
Assigning agency CRL
100 ## - MAIN ENTRY--PERSONAL NAME
Personal name Lama, Sudash
9 (RLIN) 821148
245 ## - TITLE STATEMENT
Title Bon, buddhism in the Tamang:
Remainder of title a socio cultural study
260 ## - PUBLICATION, DISTRIBUTION, ETC.
Place of publication, distribution, etc. New Delhi, India:
Name of publisher, distributor, etc. Manohar Publisher and Distributors,
Date of publication, distribution, etc. 2025.
300 ## - PHYSICAL DESCRIPTION
Extent 182p.
365 ## - TRADE PRICE
Price amount 1395.00
Currency code INR
650 ## - SUBJECT ADDED ENTRY--TOPICAL TERM
Topical term or geographic name entry element Religion
9 (RLIN) 852548
650 ## - SUBJECT ADDED ENTRY--TOPICAL TERM
Topical term or geographic name entry element Buddhism
9 (RLIN) 852549
942 ## - ADDED ENTRY ELEMENTS (KOHA)
Koha item type Textbook
Source of classification or shelving scheme Colon Classification (CC)
Suppress in OPAC No
Classification part Q4.44974 R5
Holdings
Withdrawn status Lost status Source of classification or shelving scheme Damaged status Not for loan Home library Current library Date acquired Source of acquisition Cost, normal purchase price Inventory number Total Checkouts Full call number Barcode Date last seen Cost, replacement price Price effective from Koha item type
    Colon Classification (CC)     Central Library Central Library 2025-10-14 18/ Bright Book Service 1116.00 2516 & 2025-10-07   Q4.44974 R5 CL1923970 2025-10-14 1395.00 2025-10-14 Textbook
Copyright @ Delhi University Library System